Ժամագիրք Հայաստանեայց Ս. եկեղեցիոյ / (Record no. 178803)
[ view plain ]
| 000 -LEADER | |
|---|---|
| fixed length control field | 01191nam a2200277 a 4500 |
| 001 - CONTROL NUMBER | |
| control field | 000485994 |
| 003 - CONTROL NUMBER IDENTIFIER | |
| control field | AM-YeHGA |
| 005 - DATE AND TIME OF LATEST TRANSACTION | |
| control field | 20250618072618.0 |
| 008 - FIXED-LENGTH DATA ELEMENTS--GENERAL INFORMATION | |
| fixed length control field | 060428s1902 ai r 000 0 arm d |
| 040 ## - CATALOGING SOURCE | |
| Original cataloging agency | AM-YeHGA |
| 041 0# - LANGUAGE CODE | |
| Language code of text/sound track or separate title | arm |
| 090 ## - LOCALLY ASSIGNED LC-TYPE CALL NUMBER (OCLC); LOCAL CALL NUMBER (RLIN) | |
| -- | 180250 |
| 245 00 - TITLE STATEMENT | |
| Title | Ժամագիրք Հայաստանեայց Ս. եկեղեցիոյ / |
| Statement of responsibility, etc. | Արարեալ Սրբոյ թարգմանչացն մերոց Սահակայ եւ Մեսրովբայ եւ Երանելի Հայրապետացն մերոց Գիտոյ եւ Յովհաննու Մանդակունւոյ եւ Սրբոյն Ներսես Շնորհալւոյ. |
| 250 ## - EDITION STATEMENT | |
| Edition statement | 4-րդ տպ. |
| 260 ## - PUBLICATION, DISTRIBUTION, ETC. | |
| Place of publication, distribution, etc. | Վաղարշապատ : |
| Name of publisher, distributor, etc. | տպ. Մայր Աթոռոյ Ս. Էջմիածնի, |
| Date of publication, distribution, etc. | 1902. |
| 300 ## - PHYSICAL DESCRIPTION | |
| Extent | 578 էջ |
| 650 14 - SUBJECT ADDED ENTRY--TOPICAL TERM | |
| Topical term or geographic name entry element | Հայ եկեղեցի |
| 650 14 - SUBJECT ADDED ENTRY--TOPICAL TERM | |
| Topical term or geographic name entry element | Ժամագիրք |
| 9 (RLIN) | 4501 |
| 653 0# - INDEX TERM--UNCONTROLLED | |
| Uncontrolled term | Հայ եկեղեցի - Ժամագիրք |
| 700 0# - ADDED ENTRY--PERSONAL NAME | |
| Personal name | Սահակ Պարթև, |
| Dates associated with a name | 348-439 |
| 9 (RLIN) | 4900 |
| 700 0# - ADDED ENTRY--PERSONAL NAME | |
| Personal name | Մեսրոպ Մաշտոց, |
| Dates associated with a name | 362-440 |
| 9 (RLIN) | 4901 |
| 700 1# - ADDED ENTRY--PERSONAL NAME | |
| Personal name | Մանդակունի, Գիւտ |
| 700 0# - ADDED ENTRY--PERSONAL NAME | |
| Personal name | Հովհան Մանդակունի |
| Dates associated with a name | 403-490 |
| 700 0# - ADDED ENTRY--PERSONAL NAME | |
| Personal name | Ներսես Շնորհալի, |
| Dates associated with a name | 1100-1173 |
| 9 (RLIN) | 3346 |
| 942 ## - ADDED ENTRY ELEMENTS (KOHA) | |
| Source of classification or shelving scheme | Universal Decimal Classification |
| Koha item type | Գրքեր / Books |
| Withdrawn status | Lost status | Source of classification or shelving scheme | Damaged status | Not for loan | Collection | Home library | Current library | Date acquired | Total checkouts | Full call number | Barcode | Date last seen | Price effective from | Koha item type | Public note |
|---|---|---|---|---|---|---|---|---|---|---|---|---|---|---|---|
| Universal Decimal Classification | Agulian Individual Collection | Fundamental Scientific Library | Fundamental Scientific Library | 28/12/2016 | Agul/786 | FL0081391 | 28/12/2016 | 28/12/2016 | Գրքեր / Books | ILL Non-Circ. | |||||
| General | Fundamental Scientific Library | Fundamental Scientific Library | 28/12/2016 | AII/13760 | FL0012478 | 28/12/2016 | 28/12/2016 | Գրքեր / Books | 30 Days Loan | ||||||
| General | Fundamental Scientific Library | Fundamental Scientific Library | 28/12/2016 | AII/22752 | FL0004988 | 28/12/2016 | 28/12/2016 | Գրքեր / Books | 30 Days Loan | ||||||
| General | Fundamental Scientific Library | Fundamental Scientific Library | 28/12/2016 | AII/35669 | 220035669 | 28/12/2016 | 28/12/2016 | Գրքեր / Books | 30 Days Loan | ||||||
| Universal Decimal Classification | Kusikian Individual Collection | Fundamental Scientific Library | Fundamental Scientific Library | 27/10/2020 | Կուս/1303 | FL0629381 | 27/10/2020 | 27/10/2020 | Գրքեր / Books | ILL Non-Circ. |
ՀՀ Գիտությունների ազգային ակադեմիայի հիմնարար գիտական գրադարան = Fundamental Scientific Library of NAS RA
All site content, except where otherwise noted, is licensed under a